| 000 | 00000nam##2200000za#4500 |
| 001 | 9.700280 |
| 003 | CaOODSP |
| 005 | 20210927150514 |
| 007 | cr ||||||||||| |
| 008 | 150407|2007||||xxc|||||o f|0| 0 eng|d |
| 040 | |aCaOODSP|beng |
| 043 | |an-cn--- |
| 086 | 1 |aR5-28/2007E-PDF |
| 110 | 1 |aCanada. |bIndian and Northern Affairs Canada. |
| 245 | 10|aSummative evaluation of the First Nations Water Management Strategy / |h[electronic resource]|cprepared by Evaluation, Performance Measurement and Review Branch, Indian and Northern Affairs Canada, and Chief Financial Officer Branch, Health Canada. |
| 260 | |aOttawa - Ontario : |bIndian and Northern Affairs |cDecember 2007. |
| 300 | |a134p.|bgraphs, tables |
| 504 | |aBibliography. |
| 590 | |a15-03-Supp|b2015-03-13 |
| 690 | 07|aIndigenous reserves|2gcpds |
| 690 | 07|aWater management|2gcpds |
| 775 | 08|tÉvaluation sommative de la Stratégie de gestion de l'eau des Premières nations / |w(CaOODSP)9.644324 |
| 856 | 40|ahttp://publications.gc.ca|qPDF|s1.44 MB|uhttps://publications.gc.ca/collections/collection_2015/aadnc-aandc/R5-28-2007-eng.pdf |
| 986 | |aProject 06/13 |